| 000 | 02066cam a22004694i 4500 | ||
|---|---|---|---|
| 003 | PE-LiUPU | ||
| 005 | 20250731184603.0 | ||
| 008 | 150616s1966 pe a r 000 0 d | ||
| 035 | _a(Sirsi) a5388 | ||
| 040 |
_aPE-LiUPU _bspa _cPE-LiUPU _erda |
||
| 049 | _aPRUA | ||
| 082 | 0 | 4 |
_a985 _bV297h _223 |
| 100 | 1 |
_aVargas Ugarte, Rubén, _eautor. _d1886-1975 |
|
| 245 | 1 | 0 |
_aHistoria General del Perú : _bLa República (1833-1843) / _cRubén Vargas Ugarte. |
| 250 | _aSegunda edición. | ||
| 264 | 1 |
_aLima : _bMilla Batres, _c1984. |
|
| 300 |
_a335 páginas : _bilustraciones, fotografías ; _c25 centímetros. |
||
| 336 |
_atext _2rdacontent |
||
| 337 |
_aunmediated _2rdamedia |
||
| 338 |
_avolume _2rdacarrier |
||
| 505 | 0 | _aDesorganización gubernativa -- Revolución de Bermúdez y de Arequipa -- Sucesos de la revolución -- Revolución de Salaverry -- Orbegoso llama a Santa Cruz -- Batalla de Yanacocha -- Batalla de Socabaya -- La confederación -- Los restauradores se alían con Portales -- Expedición de Blanco Encalada -- Tratado de Paucarpata -- Nueva expedición restauradora -- El combate de Guía -- Los restauradores abandonan Lima -- Batalla de Yungay -- Disolución de la confederación -- Muerte de Gamarra en Ingavi -- Sobreviene la anarquía. | |
| 526 | _aP136 | ||
| 526 | _aP135 | ||
| 526 | _aP134 | ||
| 526 | _aP133 | ||
| 526 | _aP144 | ||
| 526 | _aP143 | ||
| 526 | _aP87 | ||
| 526 | _aP35 | ||
| 526 | _aP20 | ||
| 526 | _aP14 | ||
| 526 | _aP10 | ||
| 526 | _aP06 | ||
| 651 | 0 |
_aPerú _xHistoria _yRepública, 1833-1843. _92271 |
|
| 910 | _ajck | ||
| 942 |
_2ddc _cBK |
||
| 949 |
_a985 V297h _wDEWEY _c1 _i23908 _lCCODEBUL1 _mBUL _p00.00 _r0 _sY _tBOOK _u2015-04-23 _xEDUCACION _0COMPRA _o.STAFF. Colección General |
||
| 949 |
_a985 V32 T1 1966 _wDEWEY _c1 _iFJ12882 _lCCODEBUJ1 _mBUJ _p30.00 _r0 _sY _tBOOK _u2019-05-02 _xEDUCACIÓN _o.STAFF -- Colección General Juliaca |
||
| 980 |
_81 _gALBERTO SANCHEZ Responsable de Automatización |
||
| 999 |
_c56410 _d56410 |
||